Štátny príspevok na splátku úveru na bývanie

Rast úrokových sadzieb za posledný rok pri úveroch na bývanie spôsobil, že v mnohých domácnostiach vznikla taká finančná situácia, ktorá neumožňuje ich členom včas a v určenej výške splácať úvery na bývanie. Preto bola zákonom č. 526/2023 Z. z. od januára 2024 ustanovená nová štátna sociálna dávka -...

Descrizione completa

Salvato in:
Dettagli Bibliografici
Autore principale: Cingelová, Zuzana
Natura: Capitolo di libro
Lingua:slovacco
Soggetti:
Tags: Aggiungi Tag
Nessun Tag, puoi essere il primo ad aggiungerne!!

MARC

LEADER 00000naa a2200000 4500
001 0299188
005 20240417075303.9
041 0 |a slo 
044 |a SK 
245 1 0 |a Štátny príspevok na splátku úveru na bývanie  |c Zuzana Cingelová 
520 |a Rast úrokových sadzieb za posledný rok pri úveroch na bývanie spôsobil, že v mnohých domácnostiach vznikla taká finančná situácia, ktorá neumožňuje ich členom včas a v určenej výške splácať úvery na bývanie. Preto bola zákonom č. 526/2023 Z. z. od januára 2024 ustanovená nová štátna sociálna dávka - príspevok na zvýšenú splátku úveru na bývanie. Ako treba o príspevok požiadať? 
610 2 0 |a príspevky štátne 
610 2 0 |a bývanie 
610 2 0 |a splátky 
610 2 0 |a úver 
610 2 0 |a domácnosti 
610 2 0 |a dávky sociálne 
610 2 0 |a zákony 
100 1 |a Cingelová, Zuzana